Holiday Quiz

Random Holiday or Lyrics Quiz

Christmas Song Excerpts Quiz Stats

 Plays Quiz Updated Dec 7, 2013

Support Sporcle.
Go Orange.
Score 0/23 Timer 06:00
2 Plays Today
% Correct
Santa Claus Is Coming to Town
85.2%
Rudolph the Red-Nosed Reindeer
84.8%
Frosty the Snowman
80%
I Saw Mommy Kissing Santa Claus
79.2%
Grandma Got Run Over by a Reindeer
77.3%
The Little Drummer Boy
75.7%
Winter Wonderland
69.2%
Up on the House Top
63.9%
Baby, It's Cold Outside
63.6%
The Most Wonderful Time of the Year
62.4%
White Christmas
61.5%
Jingle-Bell Rock
59.7%
% Correct
Have Yourself a Merry Little Christmas
59.4%
A Holly Jolly Christmas
56.3%
Let It Snow
55.2%
The Christmas Song (Chestnuts Roasting)
55.1%
I'll Be Home for Christmas
54.6%
Home for the Holidays
52.8%
Do You Hear What I Hear?
49.1%
Jolly Old Saint Nicholas
48.4%
Silver Bells
48.3%
Here Comes Santa Claus
48.3%
Mele Kalikimaka
47.2%

You're not logged in!

Compare scores with friends on all Sporcle quizzes.
OR
Log In

From the Vault

Least Populous Country of World per Letter Minefield

by Mateo56

It may help you to know all the tiny countries of the world.
Remove Ads.
Support Sporcle.
Get the best of Sporcle when you Go Orange. This ad-free experience offers more features, more stats, and more fun while also helping to support Sporcle. Thank you for becoming a member.

Show Comments

Extras

Top Quizzes Today


Score Distribution

Your Account Isn't Verified!

In order to create a playlist on Sporcle, you need to verify the email address you used during registration. Go to your Sporcle Settings to finish the process.

Report this User

Report this user for behavior that violates our Community Guidelines.

Details: